[Event "Giraldilla de La Habana op"]
[Site "Havana"]
[Date "2018.08.03"]
[Round "9"]
[White "Morales Mora, Kendry Daniel"]
[Black "Hernandez De la Rosa, Lazaro"]
[Result "1-0"]
[WhiteElo "1773"]
[BlackElo "1845"]
[PlyCount "41"]
[EventDate "2018.07.28"]
[EventType "swiss"]
[EventRounds "9"]
[EventCountry "CUB"]
[SourceTitle "EXT 2021"]
[Source "ChessBase"]
[SourceDate "2020.10.23"]
[SourceVersion "1"]
[SourceVersionDate "2020.10.23"]
[SourceQuality "1"]

1. e4 e5 2. Nc3 Bb4 3. f4 d6 4. Nf3 Nf6 5. fxe5 dxe5 6. Bb5+ c6 7. Bc4 0-0 8. 0-0 Bg4 9. d3 Bc5+ 10. Kh1 h6 11. h3 Bh5 12. Ne2 Nbd7 13. Ng3 b5 14. Bb3 Kh7 15. Nxh5 Nxh5 16. Ng5+ Kg6 17. Qg4 hxg5 18. Rf5 f6 19. h4 Rh8 20. Rxg5+ fxg5 21. Qf5+ 1-0

[Event "Giraldilla de La Habana op"]
[Site "Havana"]
[Date "2018.07.28"]
[Round "1"]
[White "Hernandez De la Rosa, Lazaro"]
[Black "Perez Grinan, Pedro Ernesto"]
[Result "0-1"]
[WhiteElo "1845"]
[BlackElo "2050"]
[PlyCount "34"]
[EventDate "2018.07.28"]
[EventType "swiss"]
[EventRounds "9"]
[EventCountry "CUB"]
[SourceTitle "EXT 2021"]
[Source "ChessBase"]
[SourceDate "2020.10.23"]
[SourceVersion "1"]
[SourceVersionDate "2020.10.23"]
[SourceQuality "1"]

1. e4 d5 2. exd5 Qxd5 3. Nc3 Qa5 4. d4 Nf6 5. Bd2 c6 6. Bd3 Qb6 7. Nce2 g6 8. h3 Bg7 9. Nf3 Qxb2 10. 0-0 0-0 11. Re1 Qb6 12. c4 Qd8 13. Rb1 Re8 14. Bf4 Nbd7 15. a4 Nh5 16. Bh2 e5 17. g4 e4 0-1

[Event "Capitan San Luis Memorial 3rd"]
[Site "Havana"]
[Date "2018.04.24"]
[Round "7"]
[White "Hernandez De la Rosa, Lazaro"]
[Black "Rodriguez Del Valle, Angel"]
[Result "1-0"]
[WhiteElo "1825"]
[BlackElo "1723"]
[PlyCount "66"]
[EventDate "2018.04.16"]
[EventType "swiss"]
[EventRounds "9"]
[EventCountry "CUB"]
[SourceTitle "EXT 2021"]
[Source "ChessBase"]
[SourceDate "2020.10.23"]
[SourceVersion "1"]
[SourceVersionDate "2020.10.23"]
[SourceQuality "1"]

1. Nf3 d5 2. c4 Nf6 3. g3 e6 4. Bg2 Be7 5. 0-0 0-0 6. cxd5 exd5 7. d4 c6 8. Nc3 Re8 9. Re1 Nbd7 10. Qc2 Ne4 11. Nxe4 dxe4 12. Ne5 Nxe5 13. dxe5 Bf5 14. Rd1 Qc7 15. Bf4 Qb6 16. Bxe4 Bxe4 17. Qxe4 Bc5 18. Qf3 Rad8 19. Rxd8 Rxd8 20. b3 Rd5 21. Rf1 Qd8 22. e4 Rd3 23. Qg4 Qd7 24. Qf5 Qe6 25. Kg2 Bb4 26. Bc1 Bc3 27. f4 h6 28. Rf3 Rxf3 29. Kxf3 Bd4 30. Be3 Bb6 31. Qxe6 fxe6 32. f5 Kf7 33. g4 a6 1-0